Ako správne vypočítať daňový bonus na úroky z úveru na bývanie

Daňový bonus na zaplatené úroky predstavuje formu daňového zvýhodnenia na zaplatené úroky pri úveroch na bývanie podľa zákona č. 90/2016 Z. z. o úveroch na bývanie v znení neskorších predpisov. O sumu daňového bonusu na zaplatené úroky sa znižuje daň daňovníia, ktorá sa najskôr zníži o sumu daňového...

ver descrição completa

Na minha lista:
Detalhes bibliográficos
Autor principal: Matlovičová, Iveta
Formato: Capítulo de Livro
Idioma:eslovaco
Assuntos:
Tags: Adicionar Tag
Sem tags, seja o primeiro a adicionar uma tag!

MARC

LEADER 00000naa a2200000 4500
001 0300033
005 20240426100803.0
041 0 |a slo 
044 |a SK 
245 1 0 |a Ako správne vypočítať daňový bonus na úroky z úveru na bývanie  |c Iveta Matlovičová 
520 |a Daňový bonus na zaplatené úroky predstavuje formu daňového zvýhodnenia na zaplatené úroky pri úveroch na bývanie podľa zákona č. 90/2016 Z. z. o úveroch na bývanie v znení neskorších predpisov. O sumu daňového bonusu na zaplatené úroky sa znižuje daň daňovníia, ktorá sa najskôr zníži o sumu daňového bonusu na dieťa, ak si ho daňovník uplatňuje. Ako má byť správne vystavené potvrdenie banky a ako sa menia podmienky na uplatnenie daňového bonusu? 
610 2 0 |a úľavy daňové 
610 2 0 |a zvýhodnenie daňové 
610 2 0 |a bonus daňový 
610 2 0 |a úver hypotekárny 
610 2 0 |a úrok 
610 2 0 |a dane 
610 2 0 |a daňovníci 
610 2 0 |a predpisy právne 
610 2 0 |a zákony 
610 2 0 |a legislatíva 
100 1 |a Matlovičová, Iveta